000 00505nam a2200181Ia 4500
008 151202s9999||||xx |||||||||||||| ||und||
082 _bPNVM-62916
100 _aफडके गीता.
245 _aरेशीमबंध.
260 _bदत्तप्रसाद.
260 _c62916
300 _a156
600 _aफडके गीता.
630 _aरेशीमबंध.
700 _aफडके गीता.
730 _aरेशीमबंध.
942 _cBOOK
999 _c1329450
_d1329447